| 000 | 01279nam a2200217 a 4500 | ||
|---|---|---|---|
| 001 | 000036090 | ||
| 005 | 20200930074851.0 | ||
| 008 | 111207s2002 sp 000 0 spa d | ||
| 020 | _a8478842926 | ||
| 040 |
_aDO-SdBNP _bspa _cBNPHU |
||
| 082 | _a863.08 | ||
| 245 | 0 | 0 |
_aCon otra mirada : _bcuentos hispanos de los Estados Unidos / _cJulio G. Arce (Jorge Ulica)...[et.al]. |
| 246 | 1 | 3 | _aCuentos hispanos de los Estados Unidos |
| 260 |
_aMadrid : _bEditorial Popular, _c2002. |
||
| 300 |
_a186 p. ; _c22 cm. |
||
| 490 | 1 |
_aLetra grande _aMaior |
|
| 500 | _aIncluye notas al pie de las páginas | ||
| 505 | 0 |
_aLa estenógrafa / _rJulio G. Arce -- _tLázaro volando / _rLuis F. González-Cruz -- _tLa comunión / _rTomás Rivera -- _tTres generaciones / _rRosaura Sánchez -- _tDioses, animalitos y maestros / _rLydia Vélez-Román -- _tEncrujiada / _rRoberto G. Fernández -- _tGarage sale / _rJuan Armando Epple -- _tGarabatos / _rPedro Juan Soto -- _tLa vaca en la azotea / _rLino Novás Calvo -- _tAmanda / _rRoberta Fernández -- _tDe noche soy tu caballo / _rLuisa Valenzuela -- _tLa tejedora de palabras / _rRima de Vallbona -- _tLa noche que volvimos a ser gente / _rJosé Luis Gonzále |
|
| 700 | 1 | 2 |
_aUlica, Jorge _qJulio G. Arce (Jorge Ulica) _962126 |
| 830 | 0 |
_aEditorial Popular _aMaior _962127 |
|
| 999 |
_c35581 _d35581 |
||